[Event "Panchenko Memorial 2017"]
[Site "?"]
[Date "2017.10.08"]
[Round "2.1"]
[White "Drygalov, Andrey"]
[Black "Gutenev, Alexander"]
[Result "1/2-1/2"]
[BlackElo "2474"]
[WhiteElo "2430"]
[LiveChessVersion "1.4.8"]

1. Nf3 {[%clk 1:30:57]} Nf6 {[%clk 1:30:28]} 2. c4 {[%clk 1:31:20]} g6
{[%clk 1:30:19]} 3. Nc3 {[%clk 1:31:45]} d5 {[%clk 1:30:37]} 4. cxd5
{[%clk 1:32:09]} Nxd5 {[%clk 1:31:01]} 5. Qb3 {[%clk 1:32:34]} Nb6
{[%clk 1:30:02]} 6. d4 {[%clk 1:33:00]} Bg7 {[%clk 1:26:23]} 7. Bf4
{[%clk 1:33:19]} O-O {[%clk 1:21:10]} 8. e3 {[%clk 1:33:34]} Be6 {[%clk 1:03:33]}
9. Qa3 {[%clk 1:33:53]} Nc6 {[%clk 0:54:11]} 10. Be2 {[%clk 1:33:55]} a5
{[%clk 0:47:29]} 11. Qc5 {[%clk 1:33:29]} Nd5 {[%clk 0:43:59]} 12. Nxd5
{[%clk 1:26:17]} Qxd5 {[%clk 0:41:01]} 13. Qxd5 {[%clk 1:23:08]} Bxd5
{[%clk 0:41:27]} 14. O-O {[%clk 1:22:17]} Bxf3 {[%clk 0:32:27]} 15. Bxf3
{[%clk 1:21:28]} e5 {[%clk 0:32:45]} 16. dxe5 {[%clk 1:18:13]} Nxe5
{[%clk 0:29:27]} 17. Be2 {[%clk 1:10:38]} Rfd8 {[%clk 0:29:11]} 18. Rfd1
{[%clk 1:09:24]} Bf6 {[%clk 0:27:14]} 19. Rac1 {[%clk 1:03:55]} c6
{[%clk 0:23:49]} 20. e4 {[%clk 1:01:52]} Kf8 {[%clk 0:19:46]} 21. Be3
{[%clk 1:01:20]} Rxd1+ {[%clk 0:15:59]} 22. Rxd1 {[%clk 0:58:51]} Rd8
{[%clk 0:16:16]} 23. Rxd8+ {[%clk 0:56:27]} Bxd8 {[%clk 0:16:43]} 24. Kf1
{[%clk 0:53:07]} Nd7 {[%clk 0:14:37]} 25. f4 {[%clk 0:38:10]} Bb6
{[%clk 0:14:26]} 26. Bd2 {[%clk 0:37:39]} Nc5 {[%clk 0:14:49]} 27. e5
{[%clk 0:36:58]} Ke7 {[%clk 0:12:17]} 28. Bc4 {[%clk 0:35:19]} Ne4
{[%clk 0:11:28]} 29. Bc1 {[%clk 0:35:04]} Bd4 {[%clk 0:10:40]} 30. Ke2
{[%clk 0:29:49]} Nc5 {[%clk 0:10:49]} 31. Kd1 {[%clk 0:18:06]} f6
{[%clk 0:06:08]} 32. exf6+ {[%clk 0:18:23]} Kxf6 {[%clk 0:06:30]} 33. g4
{[%clk 0:16:28]} h6 {[%clk 0:04:31]} 34. h4 {[%clk 0:06:47]} h5 {[%clk 0:03:07]}
35. gxh5 {[%clk 0:06:36]} gxh5 {[%clk 0:02:22]} 1/2-1/2

[Event "Panchenko Memorial 2017"]
[Site "?"]
[Date "2017.10.08"]
[Round "2.2"]
[White "Sivuk, Vitaly"]
[Black "Tosic, Miroslav"]
[Result "1-0"]
[BlackElo "2447"]
[WhiteElo "2545"]
[LiveChessVersion "1.4.8"]

1. e4 {[%clk 1:30:47]} c5 {[%clk 1:30:38]} 2. Nf3 {[%clk 1:31:06]} e6
{[%clk 1:31:01]} 3. d4 {[%clk 1:31:27]} cxd4 {[%clk 1:31:26]} 4. Nxd4
{[%clk 1:31:49]} a6 {[%clk 1:31:49]} 5. c4 {[%clk 1:32:05]} Nf6 {[%clk 1:32:11]}
6. Nc3 {[%clk 1:32:25]} Qc7 {[%clk 1:32:35]} 7. Be2 {[%clk 1:32:38]} b6
{[%clk 1:27:41]} 8. O-O {[%clk 1:32:16]} Bb7 {[%clk 1:28:03]} 9. Qd3
{[%clk 1:32:34]} Be7 {[%clk 1:26:19]} 10. f4 {[%clk 1:30:09]} d6 {[%clk 1:25:05]}
11. Be3 {[%clk 1:30:03]} Nbd7 {[%clk 1:25:13]} 12. b4 {[%clk 1:30:19]} O-O
{[%clk 1:25:16]} 13. Rac1 {[%clk 1:30:27]} Rac8 {[%clk 1:24:56]} 14. a3
{[%clk 1:30:06]} Rfe8 {[%clk 1:18:40]} 15. g4 {[%clk 1:27:12]} Nf8
{[%clk 1:10:23]} 16. g5 {[%clk 1:26:41]} N6d7 {[%clk 1:10:41]} 17. h4
{[%clk 1:24:31]} Qd8 {[%clk 1:10:33]} 18. Bg4 {[%clk 1:19:17]} Ne5
{[%clk 1:04:00]} 19. fxe5 {[%clk 1:09:43]} dxe5 {[%clk 1:04:11]} 20. Nd5
{[%clk 0:58:11]} exd4 {[%clk 0:37:53]} 21. Bxd4 {[%clk 0:50:04]} exd5
{[%clk 0:29:44]} 22. Qf3 {[%clk 0:44:36]} Bf6 {[%clk 0:28:37]} 23. gxf6
{[%clk 0:43:18]} dxe4 {[%clk 0:28:51]} 24. Qe3 {[%clk 0:43:24]} Rc6
{[%clk 0:25:22]} 25. Rcd1 {[%clk 0:38:58]} Bc8 {[%clk 0:17:23]} 26. Be5
{[%clk 0:29:30]} Qxd1 {[%clk 0:12:26]} 27. Rxd1 {[%clk 0:24:44]} Bxg4
{[%clk 0:12:39]} 28. Qg5 {[%clk 0:23:48]} g6 {[%clk 0:10:53]} 29. Qh6
{[%clk 0:19:36]} Ne6 {[%clk 0:10:40]} 30. Rd7 {[%clk 0:19:34]} Rec8
{[%clk 0:08:09]} 31. Rxf7 {[%clk 0:18:56]} Kxf7 {[%clk 0:06:01]} 32. Qxh7+
{[%clk 0:19:15]} Ng7 {[%clk 0:06:16]} 33. Qxg7+ {[%clk 0:19:27]} 1-0

[Event "Panchenko Memorial 2017"]
[Site "?"]
[Date "2017.10.08"]
[Round "2.3"]
[White "Shinkevich, Vitaly"]
[Black "Korneev, Oleg"]
[Result "0-1"]
[BlackElo "2557"]
[WhiteElo "2454"]
[LiveChessVersion "1.4.8"]

1. d4 {[%clk 1:30:56]} d5 {[%clk 1:30:56]} 2. c4 {[%clk 1:31:22]} c6
{[%clk 1:31:21]} 3. Nf3 {[%clk 1:31:48]} Nf6 {[%clk 1:31:47]} 4. Nc3
{[%clk 1:31:44]} dxc4 {[%clk 1:32:12]} 5. a4 {[%clk 1:32:01]} Bf5
{[%clk 1:32:41]} 6. Nh4 {[%clk 1:32:23]} e6 {[%clk 1:33:04]} 7. Nxf5
{[%clk 1:32:39]} exf5 {[%clk 1:33:30]} 8. Bg5 {[%clk 1:32:43]} Bb4
{[%clk 1:30:48]} 9. e3 {[%clk 1:33:07]} Qa5 {[%clk 1:24:40]} 10. Bxf6
{[%clk 1:32:44]} Bxc3+ {[%clk 1:23:15]} 11. bxc3 {[%clk 1:33:13]} Qxc3+
{[%clk 1:23:38]} 12. Ke2 {[%clk 1:33:40]} gxf6 {[%clk 1:22:52]} 13. Kf3
{[%clk 1:34:08]} Nd7 {[%clk 1:12:14]} 14. Rc1 {[%clk 1:29:33]} Qa5
{[%clk 1:09:29]} 15. Bxc4 {[%clk 1:27:04]} f4 {[%clk 1:02:51]} 16. exf4
{[%clk 1:07:20]} Qh5+ {[%clk 0:49:26]} 17. Ke3 {[%clk 1:01:11]} Qg6
{[%clk 0:48:15]} 18. Qf3 {[%clk 0:34:28]} O-O-O {[%clk 0:36:07]} 19. Bd3
{[%clk 0:29:20]} Rhe8+ {[%clk 0:35:59]} 20. Kd2 {[%clk 0:29:33]} f5
{[%clk 0:36:04]} 21. Rhe1 {[%clk 0:10:35]} Qd6 {[%clk 0:35:40]} 22. Rxe8
{[%clk 0:07:19]} Rxe8 {[%clk 0:34:26]} 23. d5 {[%clk 0:04:34]} Qb4+
{[%clk 0:21:02]} 24. Rc3 {[%clk 0:04:24]} Nb6 {[%clk 0:21:21]} 25. dxc6
{[%clk 0:02:34]} Nxa4 {[%clk 0:20:08]} 26. Bxf5+ {[%clk 0:02:51]} Kc7
{[%clk 0:20:32]} 27. cxb7+ {[%clk 0:02:33]} Kb8 {[%clk 0:12:02]} 28. Qc6
{[%clk 0:01:06]} Qd4+ {[%clk 0:11:20]} 29. Rd3 {[%clk 0:00:32]} Qxf2+
{[%clk 0:11:23]} 0-1

[Event "Panchenko Memorial 2017"]
[Site "?"]
[Date "2017.10.08"]
[Round "2.4"]
[White "Baburin, Alexander"]
[Black "Naumkin, Igor"]
[Result "1/2-1/2"]
[BlackElo "2446"]
[WhiteElo "2463"]
[LiveChessVersion "1.4.8"]

1. d4 {[%clk 1:30:55]} Nf6 {[%clk 1:30:44]} 2. c4 {[%clk 1:31:18]} e6
{[%clk 1:31:07]} 3. Nc3 {[%clk 1:31:44]} Bb4 {[%clk 1:31:30]} 4. Qc2
{[%clk 1:32:10]} O-O {[%clk 1:31:50]} 5. a3 {[%clk 1:32:29]} Bxc3+
{[%clk 1:32:14]} 6. Qxc3 {[%clk 1:32:55]} d6 {[%clk 1:32:28]} 7. Nf3
{[%clk 1:26:59]} b6 {[%clk 1:31:07]} 8. e3 {[%clk 1:25:38]} Bb7 {[%clk 1:28:21]}
9. Be2 {[%clk 1:24:57]} Nbd7 {[%clk 1:28:11]} 10. O-O {[%clk 1:24:52]} Qe7
{[%clk 1:27:30]} 11. b4 {[%clk 1:17:52]} Ne4 12. Qc2 f5 13. Bb2 Rf6 14. d5 c5 15.
Rad1 Re8 16. Ne1 Rg6 17. g3 1/2-1/2

[Event "Panchenko Memorial 2017"]
[Site "?"]
[Date "2017.10.08"]
[Round "2.5"]
[White "Bezgodov, Alexei"]
[Black "Simantsev, Mikhail"]
[Result "1/2-1/2"]
[BlackElo "2492"]
[WhiteElo "2482"]
[LiveChessVersion "1.4.8"]

1. e4 {[%clk 1:30:57]} e5 {[%clk 1:30:55]} 2. Nf3 {[%clk 1:31:22]} Nc6
{[%clk 1:31:12]} 3. Bb5 {[%clk 1:31:45]} a6 {[%clk 1:31:38]} 4. Ba4
{[%clk 1:32:11]} Nf6 {[%clk 1:31:54]} 5. O-O {[%clk 1:32:34]} Be7
{[%clk 1:32:18]} 6. Re1 {[%clk 1:32:54]} b5 {[%clk 1:32:42]} 7. Bb3
{[%clk 1:33:20]} d6 {[%clk 1:33:08]} 8. c3 {[%clk 1:33:43]} O-O {[%clk 1:33:29]}
9. h3 {[%clk 1:34:01]} Bb7 {[%clk 1:33:31]} 10. d4 {[%clk 1:34:21]} Re8
{[%clk 1:32:45]} 11. Nbd2 {[%clk 1:33:42]} exd4 {[%clk 1:30:46]} 12. cxd4
{[%clk 1:33:56]} Nd7 {[%clk 1:31:07]} 13. Nf1 {[%clk 1:30:14]} Na5
{[%clk 1:30:18]} 14. Bc2 {[%clk 1:30:24]} Bf6 {[%clk 1:29:58]} 15. N1h2
{[%clk 1:20:24]} c5 {[%clk 1:29:23]} 16. Ng4 {[%clk 1:19:12]} Bxd4
{[%clk 1:24:30]} 17. Nxd4 {[%clk 1:18:36]} cxd4 {[%clk 1:24:58]} 18. Qxd4
{[%clk 1:18:52]} Rc8 {[%clk 1:24:43]} 19. Qd1 {[%clk 0:56:08]} Ne5
{[%clk 1:10:28]} 1/2-1/2

[Event "Panchenko Memorial 2017"]
[Site "?"]
[Date "2017.10.08"]
[Round "2.6"]
[White "Borisenko, Viacheslav"]
[Black "Matsenko, Andrei"]
[Result "1-0"]
[BlackElo "2281"]
[WhiteElo "2313"]
[LiveChessVersion "1.4.8"]

1. e4 {[%clk 1:28:10]} e6 {[%clk 1:30:34]} 2. d4 {[%clk 1:28:16]} d5
{[%clk 1:31:00]} 3. Bd3 {[%clk 1:27:48]} c5 {[%clk 1:29:17]} 4. exd5
{[%clk 1:25:26]} exd5 {[%clk 1:28:47]} 5. Nf3 {[%clk 1:25:35]} Nc6
{[%clk 1:25:10]} 6. O-O {[%clk 1:24:59]} Nf6 {[%clk 1:20:05]} 7. Nbd2
{[%clk 1:20:02]} c4 {[%clk 1:17:10]} 8. Re1+ {[%clk 1:20:15]} Be7
{[%clk 1:15:52]} 9. Be2 {[%clk 1:20:22]} O-O {[%clk 1:15:23]} 10. c3
{[%clk 1:20:34]} b5 {[%clk 1:12:46]} 11. Ne5 {[%clk 1:08:03]} Nxe5
{[%clk 1:07:38]} 12. dxe5 {[%clk 1:06:19]} Nd7 {[%clk 1:06:24]} 13. f4
{[%clk 1:05:58]} Qb6+ {[%clk 1:00:35]} 14. Kh1 {[%clk 1:04:19]} Nc5
{[%clk 0:57:20]} 15. Rf1 {[%clk 1:00:38]} b4 {[%clk 0:41:49]} 16. f5
{[%clk 0:47:13]} f6 {[%clk 0:41:18]} 17. Nf3 {[%clk 0:44:48]} Bxf5
{[%clk 0:36:59]} 18. Qxd5+ {[%clk 0:33:49]} Be6 {[%clk 0:36:14]} 19. Qd4
{[%clk 0:34:03]} fxe5 {[%clk 0:34:10]} 20. Nxe5 {[%clk 0:27:31]} Rxf1+
{[%clk 0:30:33]} 21. Bxf1 {[%clk 0:27:59]} Rd8 {[%clk 0:30:28]} 22. Qg1
{[%clk 0:28:01]} Nd3 {[%clk 0:23:33]} 23. Be3 {[%clk 0:24:42]} Qb7
{[%clk 0:17:37]} 24. Nxd3 {[%clk 0:22:11]} cxd3 {[%clk 0:18:03]} 25. Bd4
{[%clk 0:21:31]} bxc3 {[%clk 0:16:59]} 26. bxc3 {[%clk 0:21:52]} Qe4
{[%clk 0:11:38]} 27. Rd1 {[%clk 0:21:42]} Bc4 {[%clk 0:11:53]} 28. Qf2
{[%clk 0:19:19]} Rf8 {[%clk 0:07:27]} 29. Qg3 {[%clk 0:18:56]} Bf6
{[%clk 0:06:42]} 30. Bxf6 {[%clk 0:18:45]} Rxf6 {[%clk 0:07:09]} 31. h3
{[%clk 0:19:07]} Qf4 {[%clk 0:04:09]} 32. Qxf4 {[%clk 0:18:19]} Rxf4
{[%clk 0:04:37]} 33. Bxd3 {[%clk 0:18:46]} Bxa2 {[%clk 0:04:54]} 34. Ra1
{[%clk 0:19:07]} Bc4 {[%clk 0:05:05]} 35. Ra4 {[%clk 0:19:07]} 1-0

[Event "Panchenko Memorial 2017"]
[Site "?"]
[Date "2017.10.08"]
[Round "2.7"]
[White "Stankovic, Milos"]
[Black "Sitnikov, Anton"]
[Result "0-1"]
[BlackElo "2457"]
[WhiteElo "2399"]
[LiveChessVersion "1.4.8"]

1. e4 {[%clk 1:30:55]} e6 {[%clk 1:12:49]} 2. d4 {[%clk 1:31:08]} d5
{[%clk 1:13:10]} 3. Nc3 {[%clk 1:30:53]} Bb4 {[%clk 1:13:37]} 4. e5
{[%clk 1:30:42]} c5 {[%clk 1:14:00]} 5. a3 {[%clk 1:30:45]} Bxc3+
{[%clk 1:14:27]} 6. bxc3 {[%clk 1:30:56]} Qa5 {[%clk 1:14:51]} 7. Bd2
{[%clk 1:30:55]} Qa4 {[%clk 1:15:17]} 8. Qg4 {[%clk 1:30:01]} Kf8
{[%clk 1:15:41]} 9. c4 {[%clk 1:28:46]} Nc6 {[%clk 1:15:29]} 10. Nf3
{[%clk 1:28:32]} Qxc2 {[%clk 1:13:54]} 11. dxc5 {[%clk 1:28:27]} h6
{[%clk 1:00:53]} 12. Qf4 {[%clk 1:26:53]} Nge7 {[%clk 0:57:58]} 13. Qe3
{[%clk 1:22:55]} Qe4 {[%clk 0:29:27]} 14. Bd3 {[%clk 1:17:34]} Qxe3+
{[%clk 0:29:44]} 15. fxe3 {[%clk 1:17:35]} Bd7 {[%clk 0:18:29]} 16. O-O
{[%clk 1:10:55]} Rc8 {[%clk 0:11:28]} 17. Rab1 {[%clk 1:07:31]} Rc7
{[%clk 0:11:52]} 18. Rb2 {[%clk 0:57:18]} Ke8 {[%clk 0:08:00]} 19. Bc3
{[%clk 0:52:08]} Nd8 {[%clk 0:06:36]} 20. cxd5 {[%clk 0:48:00]} Nxd5
{[%clk 0:05:46]} 21. Bd4 {[%clk 0:48:03]} Nc6 {[%clk 0:04:39]} 22. Nd2
{[%clk 0:47:58]} Ke7 {[%clk 0:04:41]} 23. Nc4 {[%clk 0:47:48]} Nxd4
{[%clk 0:03:03]} 24. exd4 {[%clk 0:48:11]} b6 {[%clk 0:03:30]} 25. Nd6
{[%clk 0:40:56]} f5 {[%clk 0:01:35]} 26. g4 {[%clk 0:24:03]} f4 {[%clk 0:00:37]}
27. Be4 {[%clk 0:20:54]} bxc5 {[%clk 0:00:33]} 28. Bxd5 {[%clk 0:17:46]} exd5
{[%clk 0:00:59]} 29. Rxf4 {[%clk 0:18:09]} Rf8 {[%clk 0:00:41]} 30. Rxf8
{[%clk 0:11:18]} Kxf8 {[%clk 0:01:08]} 31. dxc5 {[%clk 0:11:37]} Bxg4
{[%clk 0:00:40]} 32. Rb8+ {[%clk 0:08:39]} Ke7 {[%clk 0:01:04]} 33. Rg8
{[%clk 0:06:04]} Ke6 {[%clk 0:01:14]} 34. Ne8 {[%clk 0:04:57]} Rxc5
{[%clk 0:01:14]} 35. Rxg7 {[%clk 0:05:17]} Bf5 {[%clk 0:00:36]} 36. Rxa7
{[%clk 0:05:12]} Kxe5 {[%clk 0:00:57]} 37. Re7+ {[%clk 0:05:08]} Kd4
{[%clk 0:00:43]} 38. Ng7 {[%clk 0:05:32]} Rc1+ {[%clk 0:00:46]} 39. Kf2
{[%clk 0:05:56]} Be4 {[%clk 0:00:45]} 40. Ne6+ {[%clk 0:03:53]} Kd3
{[%clk 0:00:55]} 41. Nf4+ {[%clk 0:04:06]} Kd2 {[%clk 0:01:23]} 42. Rd7
{[%clk 0:03:54]} Rc3 {[%clk 0:01:49]} 43. Nxd5 {[%clk 0:03:27]} Rf3+
{[%clk 0:02:17]} 44. Kg1 {[%clk 0:03:50]} Ke1 {[%clk 0:02:44]} 45. h4
{[%clk 0:03:10]} Rh3 {[%clk 0:03:07]} 0-1

[Event "Panchenko Memorial 2017"]
[Site "?"]
[Date "2017.10.08"]
[Round "2.8"]
[White "Vaseptsov, Maxim"]
[Black "Tologontegin, Semetey"]
[Result "0-1"]
[BlackElo "2392"]
[WhiteElo "2331"]
[LiveChessVersion "1.4.8"]

1. e4 {[%clk 1:24:47]} g6 {[%clk 1:30:52]} 2. d4 {[%clk 1:24:31]} Bg7
{[%clk 1:31:15]} 3. Nf3 {[%clk 1:22:21]} d6 {[%clk 1:31:24]} 4. Bd3
{[%clk 1:20:32]} Nf6 {[%clk 1:31:21]} 5. Qe2 {[%clk 1:20:24]} O-O
{[%clk 1:31:13]} 6. e5 {[%clk 1:08:44]} Nd5 {[%clk 1:29:34]} 7. c3
{[%clk 1:08:07]} Bg4 {[%clk 1:20:35]} 8. h3 {[%clk 1:02:23]} Bxf3
{[%clk 1:20:51]} 9. gxf3 {[%clk 1:02:51]} dxe5 {[%clk 1:18:29]} 10. dxe5
{[%clk 1:03:18]} Nc6 {[%clk 1:14:43]} 11. f4 {[%clk 1:01:36]} Bh6
{[%clk 1:11:28]} 12. Qe4 {[%clk 0:38:11]} Nxf4 {[%clk 1:02:22]} 13. Bxf4
{[%clk 0:38:30]} Bxf4 {[%clk 1:02:47]} 14. Bb5 {[%clk 0:38:56]} Bc1
{[%clk 1:01:51]} 15. a4 {[%clk 0:32:01]} e6 {[%clk 0:57:09]} 16. Ke2
{[%clk 0:28:36]} Qg5 {[%clk 0:53:42]} 17. a5 {[%clk 0:27:02]} Rad8
{[%clk 0:49:23]} 18. Bxc6 {[%clk 0:18:27]} bxc6 {[%clk 0:49:16]} 19. Re1
{[%clk 0:18:34]} Qh5+ {[%clk 0:33:38]} 20. f3 {[%clk 0:16:55]} Qxh3
{[%clk 0:29:51]} 21. Rxc1 {[%clk 0:12:08]} Qg2+ {[%clk 0:30:03]} 22. Ke3
{[%clk 0:12:30]} Qxb2 {[%clk 0:30:11]} 23. Rh1 {[%clk 0:11:26]} Qxa1
{[%clk 0:30:27]} 24. Qh4 {[%clk 0:11:29]} h5 {[%clk 0:30:38]} 25. Qe4
{[%clk 0:07:35]} Qxa5 {[%clk 0:29:26]} 26. Kf4 {[%clk 0:07:38]} Qd5
{[%clk 0:29:23]} 27. Qe3 {[%clk 0:07:54]} Qd3 {[%clk 0:29:38]} 0-1

[Event "Panchenko Memorial 2017"]
[Site "?"]
[Date "2017.10.08"]
[Round "2.9"]
[White "Radzhabov, Rodion"]
[Black "Salemgareev, Tagir"]
[Result "1-0"]
[BlackElo "2378"]
[WhiteElo "2319"]
[LiveChessVersion "1.4.8"]

1. e4 {[%clk 1:30:56]} c5 {[%clk 1:30:55]} 2. Nf3 {[%clk 1:31:20]} d6
{[%clk 1:31:20]} 3. d4 {[%clk 1:31:43]} cxd4 {[%clk 1:31:46]} 4. Nxd4
{[%clk 1:31:54]} Nf6 {[%clk 1:31:58]} 5. Nc3 {[%clk 1:32:16]} a6 {[%clk 1:32:06]}
6. g3 {[%clk 1:32:26]} e5 {[%clk 1:32:12]} 7. Nde2 {[%clk 1:32:51]} Nbd7
{[%clk 1:28:33]} 8. Bg2 {[%clk 1:33:04]} b5 {[%clk 1:28:45]} 9. Nd5
{[%clk 1:21:59]} Nxd5 {[%clk 1:25:45]} 10. Qxd5 {[%clk 1:22:22]} Qc7
{[%clk 1:26:05]} 11. Nc3 {[%clk 1:14:08]} Nb6 {[%clk 1:14:06]} 12. Qd3
{[%clk 0:40:32]} b4 {[%clk 0:55:06]} 13. Nd5 {[%clk 0:38:55]} Nxd5
{[%clk 0:55:24]} 14. Qxd5 {[%clk 0:39:10]} Bb7 {[%clk 0:54:01]} 15. Qb3
{[%clk 0:39:01]} a5 {[%clk 0:53:38]} 16. O-O {[%clk 0:38:47]} Be7
{[%clk 0:48:55]} 17. Bd2 {[%clk 0:33:51]} O-O {[%clk 0:45:54]} 18. Rfc1
{[%clk 0:33:22]} Qd7 {[%clk 0:37:32]} 19. c4 {[%clk 0:17:55]} Bc6
{[%clk 0:26:25]} 20. Qd3 {[%clk 0:17:30]} Qb7 {[%clk 0:25:37]} 21. Rf1
{[%clk 0:08:26]} a4 {[%clk 0:21:23]} 22. f3 {[%clk 0:03:41]} b3 {[%clk 0:14:49]}
23. a3 {[%clk 0:03:09]} Bd7 {[%clk 0:14:10]} 24. f4 {[%clk 0:02:11]} exf4
{[%clk 0:11:25]} 25. gxf4 {[%clk 0:02:14]} Rac8 {[%clk 0:11:01]} 26. Rac1
{[%clk 0:01:09]} Qa6 {[%clk 0:07:18]} 27. f5 {[%clk 0:00:43]} Bf6
{[%clk 0:05:33]} 28. Bc3 {[%clk 0:01:07]} Bxc3 {[%clk 0:02:21]} 29. Rxc3
{[%clk 0:01:36]} f6 {[%clk 0:02:34]} 30. Rd1 {[%clk 0:01:50]} Bc6
{[%clk 0:01:07]} 31. Qxd6 {[%clk 0:01:06]} Rfe8 {[%clk 0:01:22]} 32. Qd4
{[%clk 0:00:51]} Qb7 {[%clk 0:00:46]} 33. Re3 {[%clk 0:01:09]} Qc7
{[%clk 0:00:53]} 34. Qd6 {[%clk 0:00:57]} Red8 {[%clk 0:00:51]} 35. Qe6+
{[%clk 0:01:20]} Kh8 {[%clk 0:01:10]} 36. Red3 {[%clk 0:00:51]} Re8
{[%clk 0:00:44]} 37. Qd6 {[%clk 0:00:47]} Qb7 {[%clk 0:01:00]} 38. Re1
{[%clk 0:00:44]} h6 {[%clk 0:01:06]} 39. Qd4 {[%clk 0:01:00]} Rc7
{[%clk 0:01:13]} 40. Qe3 {[%clk 0:00:53]} Rce7 {[%clk 0:01:12]} 41. Rd4
{[%clk 0:01:10]} Re5 {[%clk 0:01:10]} 42. Qf4 {[%clk 0:00:34]} Qb6
{[%clk 0:01:11]} 43. Qe3 {[%clk 0:00:35]} Rxf5 {[%clk 0:01:12]} 44. Rf1
{[%clk 0:00:34]} Rxf1+ {[%clk 0:01:11]} 45. Kxf1 {[%clk 0:00:56]} Qc5
{[%clk 0:01:05]} 46. Kf2 {[%clk 0:00:40]} Qe5 {[%clk 0:01:15]} 47. Qc3
{[%clk 0:00:33]} Qxh2 {[%clk 0:00:47]} 48. Qg3 {[%clk 0:00:56]} Qh5
{[%clk 0:00:41]} 49. Qd6 {[%clk 0:01:01]} Rc8 {[%clk 0:00:44]} 50. Bf3
{[%clk 0:00:50]} Qe5 {[%clk 0:00:33]} 51. c5 {[%clk 0:00:53]} Bb5
{[%clk 0:00:35]} 52. Qxe5 {[%clk 0:01:03]} fxe5 53. Rd5 Kg8 {[%clk 0:00:32]} 54.
Rxe5 {[%clk 0:01:24]} Kf7 {[%clk 0:00:48]} 55. Ke3 {[%clk 0:01:30]} Bc6
{[%clk 0:01:00]} 56. Be2 {[%clk 0:01:26]} Bd7 {[%clk 0:00:35]} 57. Bc4+
{[%clk 0:01:44]} Kf6 {[%clk 0:00:58]} 58. Rd5 {[%clk 0:02:09]} Rc7 59. Kd4 Be8
{[%clk 0:00:32]} 60. Rd6+ {[%clk 0:02:24]} Ke7 {[%clk 0:00:48]} 61. e5
{[%clk 0:02:21]} h5 {[%clk 0:00:58]} 62. Be2 {[%clk 0:01:34]} g6 {[%clk 0:00:35]}
63. Kd5 {[%clk 0:01:43]} Bf7+ {[%clk 0:00:40]} 64. Kd4 {[%clk 0:01:36]} Be6
{[%clk 0:00:46]} 65. c6 {[%clk 0:01:29]} h4 {[%clk 0:01:02]} 66. Rxe6+
{[%clk 0:01:56]} Kxe6 {[%clk 0:01:27]} 67. Bg4+ {[%clk 0:02:24]} Ke7
{[%clk 0:01:43]} 68. Kc5 {[%clk 0:02:53]} g5 {[%clk 0:01:41]} 69. Kb6
{[%clk 0:02:33]} Kd8 {[%clk 0:02:06]} 70. Kc5 {[%clk 0:02:57]} h3
{[%clk 0:01:04]} 71. Bxh3 {[%clk 0:01:52]} Rh7 {[%clk 0:00:34]} 72. Bf5
{[%clk 0:02:19]} Rf7 {[%clk 0:00:38]} 73. Be6 {[%clk 0:02:44]} Rf2 1-0

[Event "Panchenko Memorial 2017"]
[Site "?"]
[Date "2017.10.08"]
[Round "2.10"]
[White "Suslova, Alena"]
[Black "Drygalov, Sergey"]
[Result "0-1"]
[BlackElo "2404"]
[WhiteElo "2227"]
[LiveChessVersion "1.4.8"]

1. c4 {[%clk 1:30:58]} e5 {[%clk 1:30:56]} 2. g3 {[%clk 1:30:50]} Nf6
{[%clk 1:31:10]} 3. Bg2 {[%clk 1:30:49]} d5 {[%clk 1:31:35]} 4. cxd5
{[%clk 1:30:47]} Nxd5 {[%clk 1:32:00]} 5. Nf3 {[%clk 1:30:37]} Nc6
{[%clk 1:32:20]} 6. O-O {[%clk 1:30:49]} Be7 {[%clk 1:28:37]} 7. d4
{[%clk 1:26:10]} e4 {[%clk 1:26:54]} 8. Ne5 {[%clk 1:20:30]} f5 {[%clk 1:25:50]}
9. Nxc6 {[%clk 1:11:30]} bxc6 {[%clk 1:25:09]} 10. f3 {[%clk 1:00:23]} exf3
{[%clk 1:23:12]} 11. Bxf3 {[%clk 1:00:41]} O-O {[%clk 1:22:25]} 12. Nc3
{[%clk 0:58:38]} Be6 {[%clk 1:20:46]} 13. Qa4 {[%clk 0:47:54]} Qd7
{[%clk 1:05:31]} 14. Nxd5 {[%clk 0:27:57]} Bxd5 {[%clk 1:05:32]} 15. Bxd5+
{[%clk 0:24:13]} Qxd5 {[%clk 1:05:50]} 16. Qb3 {[%clk 0:24:24]} Rab8
{[%clk 1:02:18]} 17. Qxd5+ {[%clk 0:23:55]} cxd5 {[%clk 1:02:42]} 18. Rb1
{[%clk 0:20:11]} Bf6 {[%clk 1:00:56]} 19. e3 {[%clk 0:19:32]} Be7
{[%clk 0:59:12]} 20. Bd2 {[%clk 0:19:22]} Bd6 {[%clk 0:59:31]} 21. Rfc1
{[%clk 0:18:04]} Rfe8 {[%clk 0:59:04]} 22. Rc6 {[%clk 0:17:31]} Rb6
{[%clk 0:36:48]} 23. Rc2 {[%clk 0:16:44]} h5 {[%clk 0:35:23]} 24. Rf1
{[%clk 0:16:16]} g6 {[%clk 0:35:10]} 25. b3 {[%clk 0:15:56]} Kf7 {[%clk 0:32:10]}
26. Kg2 {[%clk 0:14:03]} Ke6 {[%clk 0:31:26]} 27. Ba5 {[%clk 0:12:54]} Rb7
{[%clk 0:31:07]} 28. Kf3 {[%clk 0:11:42]} Kd7 {[%clk 0:30:05]} 29. Be1
{[%clk 0:08:35]} Re4 {[%clk 0:28:17]} 30. Ke2 {[%clk 0:07:05]} Rb8
{[%clk 0:28:36]} 31. Kd3 {[%clk 0:06:03]} Rbe8 {[%clk 0:28:33]} 32. Bf2
{[%clk 0:05:23]} R8e6 {[%clk 0:23:10]} 33. Rg1 {[%clk 0:02:43]} Kc8
{[%clk 0:21:06]} 34. h3 {[%clk 0:00:51]} Kb7 {[%clk 0:20:32]} 35. Rgc1
{[%clk 0:00:38]} Bxg3 {[%clk 0:17:10]} 36. Bxg3 {[%clk 0:00:34]} Rxe3+
{[%clk 0:17:34]} 37. Kd2 {[%clk 0:01:02]} Rxg3 {[%clk 0:17:59]} 38. Rxc7+
{[%clk 0:01:25]} Kb6 {[%clk 0:17:57]} 39. R1c3 {[%clk 0:01:13]} Rg2+
{[%clk 0:15:46]} 40. Kd1 {[%clk 0:01:31]} Rxa2 {[%clk 0:15:05]} 41. Rd7
{[%clk 0:01:47]} Rc6 {[%clk 0:14:06]} 42. Re3 {[%clk 0:02:05]} Rac2
{[%clk 0:12:02]} 43. Rxd5 {[%clk 0:02:04]} Rc1+ {[%clk 0:11:26]} 44. Kd2
{[%clk 0:02:32]} R6c2+ {[%clk 0:10:35]} 45. Kd3 {[%clk 0:03:00]} Rc3+
{[%clk 0:10:59]} 46. Kd2 {[%clk 0:03:25]} R1c2+ {[%clk 0:10:59]} 47. Kd1
{[%clk 0:03:52]} Rxe3 {[%clk 0:10:50]} 48. Kxc2 {[%clk 0:04:21]} Kc6
{[%clk 0:10:25]} 49. Ra5 {[%clk 0:04:00]} Rxh3 {[%clk 0:10:40]} 50. Rxa7
{[%clk 0:02:44]} Rg3 {[%clk 0:09:58]} 51. b4 {[%clk 0:02:23]} h4 {[%clk 0:09:36]}
52. Rh7 {[%clk 0:02:25]} h3 {[%clk 0:09:35]} 53. Rh8 {[%clk 0:01:48]} f4
{[%clk 0:08:48]} 54. Rh7 {[%clk 0:00:48]} f3 {[%clk 0:07:51]} 55. Kd2
{[%clk 0:01:16]} Rg2+ {[%clk 0:06:50]} 56. Ke1 {[%clk 0:01:41]} h2
{[%clk 0:07:16]} 0-1